[Event "ARG-chT8 fin email"]
[Site "LADAC email"]
[Date "2006.01.08"]
[Round "?"]
[White "Goncalves, Claudio Javier"]
[Black "Puoli, Hernan"]
[Result "0-1"]
[WhiteElo "2236"]
[BlackElo "2181"]
[PlyCount "56"]
[EventDate "2006.01.01"]
[EventType "tourn (corr)"]
[EventRounds "11"]
[EventCountry "ARG"]
[SourceTitle "Corr 2011"]
[Source "ChessBase"]
[SourceDate "2010.08.31"]
[SourceVersion "1"]
[SourceVersionDate "2010.08.31"]
[SourceQuality "1"]

1. e4 c5 2. Nf3 d6 3. d4 cxd4 4. Nxd4 Nf6 5. Nc3 g6 6. Be3 Bg7 7. f3 Nc6 8. Qd2 Bd7 9. 0-0-0 Rc8 10. g4 Ne5 11. h3 Nc4 12. Bxc4 Rxc4 13. Nb3 0-0 14. Bd4 Be6 15. f4 a5 16. f5 a4 17. e5 axb3 18. axb3 dxe5 19. bxc4 exd4 20. fxe6 Qa5 21. Nb1 Qe5 22. c3 Ne4 23. exf7+ Rxf7 24. cxd4 Qc7 25. Qb4 Nf2 26. Rhf1 Bh6+ 27. Kc2 Nxd1 28. Kxd1 Rxf1+ 0-1

[Event "ARG-chT8 fin email"]
[Site "LADAC email"]
[Date "2006.01.08"]
[Round "?"]
[White "Puoli, Hernan"]
[Black "Francovig, Hector"]
[Result "1-0"]
[WhiteElo "2181"]
[BlackElo "2540"]
[PlyCount "87"]
[EventDate "2006.01.01"]
[EventType "tourn (corr)"]
[EventRounds "11"]
[EventCountry "ARG"]
[SourceTitle "Corr 2011"]
[Source "ChessBase"]
[SourceDate "2010.08.31"]
[SourceVersion "1"]
[SourceVersionDate "2010.08.31"]
[SourceQuality "1"]

1. b4 Nf6 2. Bb2 g6 3. c4 Bg7 4. Nf3 0-0 5. e3 d6 6. d4 Nbd7 7. Be2 e5 8. b5 Re8 9. Nc3 exd4 10. Nxd4 Nc5 11. 0-0 Be6 12. Na4 Nfd7 13. Nxc5 Nxc5 14. Nxe6 fxe6 15. Bd4 a6 16. Bf3 Qe7 17. Bxc5 dxc5 18. Rc1 axb5 19. cxb5 Rad8 20. Qc2 b6 21. a4 Rf8 22. Bg4 Rd5 23. Qa2 c6 24. bxc6 Rd6 25. Rfd1 Rxc6 26. Qb3 Rfc8 27. Qc4 h6 28. Rd3 h5 29. Bf3 Rd6 30. Rxd6 Qxd6 31. Rd1 Qe5 32. h3 Kh7 33. Qc2 Kh6 34. Be4 Qf6 35. Rd6 Qa1+ 36. Qb1 Qxb1+ 37. Bxb1 Re8 38. Rxb6 Bc3 39. Ba2 Ra8 40. Bb3 e5 41. Bc2 Rg8 42. h4 Bb4 43. Bd3 Bc3 44. Ra6 1-0